Elenca la formazione - Quiz n°180 - Statistics

Statistiche generali
  • Questo quiz è stato fatto 68 volte
  • Il punteggio medio è 9 su 11
Statistiche sulle risposte
Ruolo Nazione Calciatore % Corretto
Difensore Paesi Bassi Virgil van Dijk
100%
Attaccante Senegal Sadio Mané
97%
Attaccante Egitto Mohamed Salah
95%
Difensore Inghilterra Trent Alexander-Arnold
95%
Difensore Scozia Andrew Robertson
93%
Attaccante Brasile Roberto Firmino
93%
Centrocampista Inghilterra Jordan Henderson
81%
Centrocampista Mali Naby Keïta
74%
Difensore Inghilterra Joe Gomez
66%
Portiere Brasile Alisson Becker
55%
Centrocampista Inghilterra Alex Oxlade-Chamberlain
29%
Nessun quiz corrispondente trovato
Distribuzione punteggi
Percentuale di utenti per punteggio
Percentile per numero di risposta
I tuoi punteggi nel tempo
Non hai fatto questo quiz